000 00276nam a22001337a 4500
008 170303b xxu||||| |||| 00| 0 eng d
020 _a0962474574
041 _aeng
080 _a575
100 _a6
101 _aSHM
245 _aNEW GENETICS
_cJARROFF,L
942 _2udc
_cBK
999 _c6730
_d6730